|
|
|
|
| LEADER |
01232nam a2200265 a 4500 |
| 001 |
194646 |
| 005 |
20000630155313.0 |
| 008 |
091011s1994 bg a b i100 0 eng d |
| 010 |
|
|
|a 98909513
|
| 040 |
|
|
|a DLC
|c DLC
|d DLC
|
| 082 |
0 |
0 |
|a 363.72/85/095492
|2 21
|
| 245 |
0 |
0 |
|a Aspects of solid waste management :
|b Bangladesh context /
|c edited by Mofizul Hoq, H. Lechner.
|
| 260 |
|
|
|a [Dhaka] :
|b German Cultural Centre,
|c 1994.
|
| 300 |
|
|
|a 131, [14] p. :
|b ill. ;
|c 23 cm.
|
| 520 |
|
|
|a Papers presented at an International Workshop on Waste Management in Asian Cities held on April 8-11, 1993 under the sponsorship of German Cultural Centre.
|
| 504 |
|
|
|a Includes bibliographical references.
|
| 541 |
1 |
|
|e 00005428
|
| 650 |
|
0 |
|a Refuse and refuse disposal
|z Bangladesh
|v Congresses.
|
| 700 |
1 |
|
|a Hoq, Mofizul.
|
| 700 |
1 |
|
|a Lechner, H.
|c Mrs.
|
| 710 |
2 |
|
|a Goethe-Institut Dhaka.
|
| 711 |
2 |
|
|a International Workshop on Waste Management in Asian Cities
|d (1993 :
|c Dhaka, Bangladesh)
|
| 852 |
4 |
|
|a Ayesha Abed Library
|j General Shelf.
|
| 999 |
|
|
|c 4416
|d 4416
|
| 952 |
|
|
|0 0
|1 0
|2 ddc
|4 0
|6 363_728509549200000_ASP_1994
|7 0
|9 4123
|a BRACUL
|b BRACUL
|c GEN
|d 2009-10-11
|g 60.00
|l 1
|m 3
|o 363.7285095492 ASP
|p 3010005428
|r 2018-12-03
|s 2018-10-01
|t 1
|w 2009-10-11
|y BK
|